000 00705nam a2200217Ia 4500
003 OSt
005 20250617171050.0
008 210210b2000 xxu||||| |||| 00| 0 eng d
020 _a81 87321 42 3
040 _cAL
041 _aKannada
082 _aK494.3 PRAP
100 _aPRAKASH (B R) mattu MADHUSUDAN (N).
_dಪ್ರಕಾಶ್ (ಬಿ ಆರ್)
_9215279
245 _aPada sanchaya: sadrashyarthaka padakosha.
_bಪದ ಸಂಚಯ : ಸದ್ರಶ್ಯರ್ಥಕ ಪದಕೋಶ
260 _aBengaluru.
_bAnkita Pustaka
_c2000
300 _a112
650 _aPadasanchaya, Kannada Thesaurus
_9215280
690 _aKannada Dictionary
_9215281
906 _aSG03504
942 _2ddc
_cBK
999 _c114216
_d114216